| 000 | 01075nam a2200265Ia 4500 | ||
|---|---|---|---|
| 999 |
_c37486 _d37486 |
||
| 001 | 3448 | ||
| 003 | GE_BSU | ||
| 005 | 20190614145951.0 | ||
| 008 | 181216s1991||||ge |||||||||||||| ||geo|| | ||
| 020 | _a5505008488 | ||
| 040 | _cGE_BSU | ||
| 041 | _ageo | ||
| 080 | _a63(075.8)+54(075.8) ნ–21 | ||
| 100 |
_aნაკაიძე, ილია _92495 |
||
| 245 |
_aაგროქიმია : _bსახელმძღვ. სას. სამ. ინ-ტების სტუდ. / _cრედ. ლ. მესხი. |
||
| 264 |
_aთბილისი : _bგანათლება, _c1991. |
||
| 300 |
_a542 გვ. ; _b22 სმ. |
||
| 504 | _a ბიბლიოგრ.: გვ. 537. | ||
| 653 | _aაგროქიმია | ||
| 653 | _aმცენარის კვება | ||
| 653 | _aსასუქები | ||
| 653 | _aსასოფლო-სამეურნეო კულტურების განოყიერება | ||
| 700 |
_aაბესაძე, გიორგი _eავტორი _92496 |
||
| 942 |
_cBK _2udc |
||